Normal view
MARC view
Entry Topical Term
001 - CONTROL NUMBER
- control field: 51773
003 - CONTROL NUMBER IDENTIFIER
- control field: OSt
005 - DATE AND TIME OF LATEST TRANSACTION
- control field: 20250326165445.0
008 - FIXED-LENGTH DATA ELEMENTS
- fixed length control field: 250326|| aca||aabn | a|a d
040 ## - CATALOGING SOURCE
- Original cataloging agency: OSt
- Transcribing agency: OSt
150 ## - HEADING--TOPICAL TERM
- Topical term or geographic name entry element: Women, Women empowerment, financial independence, gender equality, cooperatives, economic development, social change, skill training, advocacy, traditional roles, sustainable progress.
670 ## - SOURCE DATA FOUND
- Source citation: Work cat.: (OSt)525836: Agrawal, Rachita 51772, Shattering stereotypes: Women in cooperatives redefining financial empowerment
